000
00292nam a2200109Ia 4500
005
20251222153634.0
008
251222s9999||||xx |||||||||||||| ||spa||
082
_a
869.56/G23P
100
_a
Ventura García Calderón
245
0
_a
Páginas escogidas de Ventura García Calderón
942
_c
LIB
999
_c
32473
_d
32473